00566nam a2200205 a 4500001001300000003000900013005001700022008004100039020002300080082001700103100002600120245006400146260003500210300000900245500003500254505001300289650001900302650001300321700002600334nice12345678IN_TiNIC20260116013826.0050524s1995 dela grp 000 0 eng  a8186142 c34000a891.51bNIZ2 aNizamuddin, A M Yusuf aSikandernama, E Barab Translated from Persian Manuscripts: aDelhibD.K. Publicationsc1995 a831p aincludes index and biblioraphy2 aGlossary aPersian Poetry aSikandar1 aNizamuddin, A M Yusuf